00473nam a2200205Ia 4500008004100000020001800041050001600059100001700075245002000092245002000112260001500132260001600147260000900163300001600172300002000188300001000208300003500218440000600253500000800259170918s9999 xx 000 0 und d a9780545289375 bS859ha 2012 aStine, R. L. aDon't scream! / cby R. L. Stine. aNew York : bScholastic, c2012 a137 pages : billustrations ; c19cm. eGoosebumps : hall of horrors ; a5 a330